Auto - Grobmacht Japan

Spremljeno u:
Bibliografski detalji
Glavni autor: Meyer-Larsen, Werner
Format: Knjiga
Jezik:Undetermined
Izdano: Verlag Spiegel Buch 1980
Teme:
Oznake: Dodaj oznaku
Bez oznaka, Budi prvi tko označuje ovaj zapis!
Thư viện lưu trữ: Trung tâm Học liệu Trường Đại học Cần Thơ
LEADER 00461nam a2200181Ia 4500
001 CTU_98814
008 210402s9999 xx 000 0 und d
082 |a 629.22 
082 |b M612 
100 |a Meyer-Larsen, Werner 
245 0 |a Auto - Grobmacht Japan 
245 0 |c Werner Meyer-Larsen 
260 |a Verlag 
260 |b Spiegel Buch 
260 |c 1980 
650 |a Automobile 
904 |i Truc 
980 |a Trung tâm Học liệu Trường Đại học Cần Thơ